000 00903nam a22002897a 4500
001 BR7503842
003 BR-BrBNA
005 20230928084830.0
007 ta
008 230509b bl.||||| |||| 00| 0 por d
040 _aBR-BrBNA
_bpor
_cBiblioteca Nacional de Agricultura
041 _a(Por)
072 _aE10; F40
_b/G514
090 _ E10 BR7503842
110 1 _aSuperintendencia da Agricultura e Producao, Aracaju, SE (Brasil);
_910012
110 1 _aComissao Estadual de Planejamento Agricola de Sergipe, Aracaju (Brasil)
_92036
245 1 _aEstudos de zoneamento socio-economico e ecologico do estado de Sergipe [Brasil]
260 3 _aAracaju, SE (Brasil):
_c[nd].
300 _a46 p.
500 _aPublished after 1974
650 _aECONOMIA
650 _aSOCIOLOGIA
650 _aZONEAMENTO ECOLOGICO
650 _aSERGIPE
909 _a202309
_bLucia
_c55
_dLucia Elande
942 _cBK
999 _c21354
_d21354